| 000 | 00444cam a2200169ua 4500 | ||
|---|---|---|---|
| 020 | _c200.00 | ||
| 041 |
_aeng _h |
||
| 082 |
_a025.3 _bKUM/IN |
||
| 100 | _aKumar, Krishan . | ||
| 245 |
_aIntroduction to cataloguing practise / _cKrishan Kumar. _hTextual Documents |
||
| 260 |
_aNew Delhi : _bVikas publishing house pvt ltd , _c2005. |
||
| 300 | _a296 ; . | ||
| 365 | _a200.00 | ||
| 504 | _a | ||
| 942 | _cBK | ||
| 999 |
_c13380 _d13380 |
||